Easy English: (Record no. 207536)

MARC details
000 -LEADER
fixed length control field 00599 a2200193 4500
005 - DATE AND TIME OF LATEST TRANSACTION
control field 20241210170806.0
010 ## - LCCN (DPL NO)
LC control number ENG-142936
020 ## - INTERNATIONAL STANDARD BOOK NUMBER
International Standard Book Number 9789390234905
Terms of availability 240.00
035 ## - SYSTEM CONTROL NUMBER
System control number EN-126468
037 ## - SOURCE OF ACQUISITION
Source of stock number/acquisition DBAD
082 14 - DEWEY DECIMAL CLASSIFICATION NUMBER
Classification number 425
100 1# - MAIN ENTRY--PERSONAL NAME
Personal name George, V.C
245 1# - TITLE STATEMENT
Title Easy English:
Remainder of title A New Style of Handling English/
Statement of responsibility, etc by V.C ,George
250 ## - EDITION STATEMENT
Edition statement 1
260 ## - PUBLICATION, DISTRIBUTION, ETC. (IMPRINT)
Place of publication, distribution, etc Kozhikode
Name of publisher, distributor, etc Mathrubhumi Books
Date of publication, distribution, etc 2020
270 ## - ADDRESS
Address Mathrubhumi Building, K.P. Kesava Menon Road,
City Kozhikode
Postal code 673001
Electronic mail address www.mathrubhumi.com
300 ## - PHYSICAL DESCRIPTION
Extent 199p.
Dimensions 21cm.(Pbk)
942 ## - ADDED ENTRY ELEMENTS (KOHA)
Institution code [OBSOLETE] dpl
Item type English Books
Source of classification or shelving scheme Dewey Decimal Classification
Classification part 425
Call number suffix GEO
Holdings
Withdrawn status Lost status Not for loan Collection code Home library Current library Date acquired Source of acquisition Cost, normal purchase price Full call number Barcode Copy number Cost, replacement price Koha item type
      Non-fiction R.K.Puram-8 R.K.Puram-8 10/12/2024 Delivery of Books Division 240.00 425 GEO EN-126468 1 240.00 English Books

© Delhi Public Library
Hit Counter
free hit counter